[Event "Lugano op"]
[Site "Lugano"]
[Date "2023.12.10"]
[Round "5"]
[White "Gardi, Giuseppe"]
[Black "Mestrovic, Marko"]
[Result "1-0"]
[WhiteElo "1812"]
[BlackElo "1333"]
[PlyCount "81"]
[EventDate "2023.12.09"]
[EventType "swiss"]
[EventRounds "5"]
[EventCountry "SUI"]
[SourceTitle "CB51_2023"]
[SourceDate "2023.12.20"]
[SourceVersion "1"]
[SourceVersionDate "2023.12.20"]
[SourceQuality "1"]

1. d4 e6 2. Bf4 b6 3. e4 Bb7 4. Bd3 Nf6 5. Qe2 Be7 6. Nc3 c5 7. Nf3 cxd4 8. Nxd4 a6 9. 0-0 d5 10. exd5 Nxd5 11. Nxd5 Qxd5 12. Nf3 g5 13. Bxb8 Rxb8 14. Rad1 g4 15. Qe5 Qxe5 16. Nxe5 Bc5 17. Nxg4 Ke7 18. Kh1 Rhg8 19. f3 f5 20. Ne5 Bd4 21. Nc4 b5 22. Na5 Bxb2 23. Nxb7 Rxb7 24. Rb1 Bd4 25. Rfe1 Kf6 26. a4 Rgb8 27. axb5 axb5 28. Rb3 b4 29. g3 h5 30. Kg2 Rb6 31. h3 Rg8 32. Reb1 Bc3 33. Rxc3 h4 34. g4 fxg4 35. fxg4 Rgb8 36. Rcb3 Kg5 37. Re1 Rf8 38. Re4 Rf4 39. Re5+ Kf6 40. Rh5 e5 41. Rh6+ 1-0

[Event "Presolana op 35th"]
[Site "Presolana"]
[Date "2015.08.29"]
[Round "7"]
[White "De Maria, Isaia"]
[Black "Gardi, Giuseppe"]
[Result "0-1"]
[WhiteElo "1794"]
[BlackElo "1925"]
[PlyCount "102"]
[EventDate "2015.08.23"]
[EventType "swiss"]
[EventRounds "8"]
[EventCountry "ITA"]
[SourceTitle "EXT 2024"]
[Source "ChessBase"]
[SourceDate "2023.10.10"]
[SourceVersion "1"]
[SourceVersionDate "2023.10.10"]
[SourceQuality "1"]

1. e4 g6 2. d4 Bg7 3. Nc3 c6 4. Nf3 d6 5. g3 Nf6 6. Bg2 0-0 7. 0-0 Nbd7 8. a4 e5 9. dxe5 dxe5 10. Qe2 Re8 11. h3 Qc7 12. Be3 Bf8 13. Rfd1 Nc5 14. Bg5 Nh5 15. Qe3 Ne6 16. Qe2 Nxg5 17. Nxg5 Qb6 18. Qc4 Be6 19. Nxe6 Rxe6 20. a5 Qc5 21. Qxc5 Bxc5 22. Kf1 Rf6 23. Rd2 Nxg3+ 24. Ke1 Nh5 25. Na4 Bf8 26. Rad1 Bb4 27. c3 Bxa5 28. b4 Bb6 29. Nxb6 axb6 30. Rd8+ Rxd8 31. Rxd8+ Kg7 32. Rd7 c5 33. bxc5 Rc6 34. cxb6 Rxb6 35. Kd2 Rb2+ 36. Ke3 Rb1 37. Bf3 Nf4 38. h4 h5 39. Rd6 Re1+ 40. Kd2 Rf1 41. Ke3 Rb1 42. Rd7 Kf6 43. Bd1 Ng2+ 44. Ke2 Nxh4 45. Ba4 Ng2 46. c4 Nf4+ 47. Kf3 Ne6 48. Bb5 Nd4+ 49. Kg3 Rb3+ 50. Kg2 Nxb5 51. Rxb7 Nd4 0-1

[Event "Bratto op-B 34th"]
[Site "Bratto"]
[Date "2014.08.24"]
[Round "2"]
[White "Gardi, Giuseppe"]
[Black "Bex, Lennert"]
[Result "1/2-1/2"]
[WhiteElo "1965"]
[BlackElo "1882"]
[PlyCount "117"]
[EventDate "2014.08.23"]
[EventType "swiss"]
[EventRounds "8"]
[EventCountry "ITA"]
[SourceTitle "EXT 2017"]
[Source "ChessBase"]
[SourceDate "2016.10.25"]
[SourceVersion "1"]
[SourceVersionDate "2016.10.25"]
[SourceQuality "1"]

1. d4 d6 2. c4 g6 3. Nc3 Bg7 4. e4 Nf6 5. Nge2 0-0 6. Ng3 e5 7. d5 Ng4 8. h3 Nh6 9. h4 f5 10. Be2 f4 11. Nf1 Bf6 12. h5 g5 13. Nh2 Qd7 14. f3 Qf7 15. Ng4 Nxg4 16. fxg4 h6 17. Qc2 Nd7 18. Nd1 Bd8 19. Bf3 Nf6 20. Nf2 Qd7 21. b4 c6 22. 0-0 a5 23. Ba3 axb4 24. Bxb4 c5 25. Bc3 Qa4 26. Qb3 b6 27. Rfc1 Bd7 28. Bd1 Qa6 29. a4 Qc8 30. Bd2 Nxg4 31. Nxg4 Bxg4 32. Bxg4 Qxg4 33. Qf3 Qd7 34. g4 Rxa4 35. Kf2 Bc7 36. Rab1 Rfa8 37. Rb5 Rxc4 38. Rcb1 Rc2 39. R5b2 Ra2 40. Rxc2 Rxc2 41. Qd3 Qa4 42. Kf3 Ra2 43. Bc1 Qc2 44. Qxc2 Rxc2 45. Ra1 b5 46. Ra8+ Kf7 47. Bxf4 gxf4 48. Ra7 b4 49. Rxc7+ Kf6 50. Rd7 Rc3+ 51. Kf2 Re3 52. Rxd6+ Kg7 53. Rc6 Rxe4 54. Rxc5 Rd4 55. Kf3 b3 56. Rb5 Kf6 57. Rxb3 Rxd5 58. Rb6+ Kg7 59. Ke4 1/2-1/2

[Event "Lake Maggiore op 1st"]
[Site "Arolo di Leggiuno"]
[Date "2014.06.01"]
[Round "5"]
[White "Gardi, Giuseppe"]
[Black "Medici, Simone"]
[Result "1-0"]
[WhiteElo "1958"]
[BlackElo "2122"]
[PlyCount "93"]
[EventDate "2014.05.30"]
[EventType "swiss"]
[EventRounds "5"]
[EventCountry "ITA"]
[SourceTitle "CBM 160 Extra"]
[Source "ChessBase"]
[SourceDate "2014.07.01"]
[SourceVersion "1"]
[SourceVersionDate "2014.07.01"]
[SourceQuality "1"]

1. d4 c5 2. d5 e6 3. c4 Nf6 4. Nc3 exd5 5. cxd5 d6 6. e4 Be7 7. Bb5+ Nbd7 8. Nf3 0-0 9. a4 a6 10. Bd3 Ng4 11. 0-0 Nde5 12. Nxe5 Nxe5 13. Be2 f5 14. f4 Ng6 15. Qb3 b6 16. e5 Kh8 17. e6 Bf6 18. Be3 Bb7 19. Rad1 Ne7 20. Bf3 Qc7 21. Rf2 g5 22. g3 g4 23. Bh1 h5 24. Rc2 Kg7 25. Ne2 Rab8 26. Bd4 Qd8 27. Bxf6+ Rxf6 28. Qc3 b5 29. axb5 axb5 30. b4 c4 31. Qd4 Kg6 32. Nc3 Rf8 33. Ra2 h4 34. Ra5 hxg3 35. hxg3 Rh8 36. Bg2 Bc8 37. Rxb5 Rxb5 38. Nxb5 Ba6 39. Nxd6 Rh7 40. Nf7 Qc8 41. Ne5+ Kh5 42. Kf2 Kh6 43. Rh1+ Kg7 44. Nc6+ Kg6 45. Rxh7 Kxh7 46. Nxe7 Qb7 47. Nc6 1-0

[Event "Lesa op 2nd"]
[Site "Lesa"]
[Date "2013.09.22"]
[Round "5"]
[White "Giovarruscio, Gabriele"]
[Black "Gardi, Giuseppe"]
[Result "0-1"]
[WhiteElo "1691"]
[BlackElo "1999"]
[PlyCount "82"]
[EventDate "2013.09.20"]
[EventType "swiss"]
[EventRounds "5"]
[EventCountry "ITA"]
[SourceTitle "EXT 2015"]
[Source "ChessBase"]
[SourceDate "2014.11.20"]
[SourceVersion "1"]
[SourceVersionDate "2014.11.20"]
[SourceQuality "1"]

1. c4 d6 2. g3 g6 3. Bg2 Bg7 4. Nc3 e5 5. d3 Nc6 6. Nf3 Nge7 7. 0-0 0-0 8. e4 Bd7 9. Be3 Qc8 10. Nd5 Nxd5 11. cxd5 Nd4 12. Nxd4 exd4 13. Bd2 Bh3 14. Bxh3 Qxh3 15. Rc1 Qd7 16. Qc2 Rac8 17. f4 f5 18. Qb3 fxe4 19. dxe4 Kh8 20. Rc2 Rfe8 21. Qd3 c6 22. dxc6 bxc6 23. Bc1 c5 24. b3 a5 25. Kg2 a4 26. Rc4 axb3 27. axb3 Qb7 28. Rf3 Rxe4 29. Kf1 Rce8 30. Bd2 Re3 31. Rxe3 Qh1+ 32. Ke2 Qxh2+ 33. Kd1 dxe3 34. Bxe3 Qxg3 35. Kd2 Qg2+ 36. Ke1 h5 37. Rc2 Rxe3+ 38. Qxe3 Qxc2 39. Qe6 Qc1+ 40. Ke2 Qxf4 41. Qxg6 Qg4+ 0-1

[Event "Bratto op-B 33rd"]
[Site "Bratto"]
[Date "2013.08.23"]
[Round "6"]
[White "Gardi, Giuseppe"]
[Black "Peron, Davide"]
[Result "1-0"]
[WhiteElo "1999"]
[BlackElo "1784"]
[PlyCount "61"]
[EventDate "2013.08.18"]
[EventType "swiss"]
[EventRounds "8"]
[EventCountry "ITA"]
[SourceTitle "EXT 2015"]
[Source "ChessBase"]
[SourceDate "2014.11.20"]
[SourceVersion "1"]
[SourceVersionDate "2014.11.20"]
[SourceQuality "1"]

1. d4 Nf6 2. c4 e6 3. Nf3 b6 4. g3 Bb7 5. Bg2 Be7 6. 0-0 0-0 7. Nc3 Ne4 8. Qc2 Nxc3 9. Qxc3 Na6 10. a3 c5 11. Qc2 f5 12. dxc5 Nxc5 13. Nd2 Bxg2 14. Kxg2 Qc7 15. b3 Qc6+ 16. f3 Bf6 17. Bb2 Bxb2 18. Qxb2 f4 19. b4 Nb7 20. Rac1 a5 21. Ne4 axb4 22. axb4 d5 23. cxd5 Qxd5 24. Rfd1 Qb5 25. Rc7 Rf7 26. Rxf7 Kxf7 27. gxf4 h6 28. Kf2 Qe8 29. Rg1 Qf8 30. Qe5 Rc8 31. f5 1-0

[Event "Bratto op-B 33rd"]
[Site "Bratto"]
[Date "2013.08.20"]
[Round "3"]
[White "Benazzo, Angelo"]
[Black "Gardi, Giuseppe"]
[Result "1/2-1/2"]
[WhiteElo "1788"]
[BlackElo "1999"]
[PlyCount "141"]
[EventDate "2013.08.18"]
[EventType "swiss"]
[EventRounds "8"]
[EventCountry "ITA"]
[SourceTitle "EXT 2015"]
[Source "ChessBase"]
[SourceDate "2014.11.20"]
[SourceVersion "1"]
[SourceVersionDate "2014.11.20"]
[SourceQuality "1"]

1. Nf3 d6 2. g3 g6 3. Bg2 Bg7 4. 0-0 e5 5. d3 Nc6 6. c4 Nge7 7. Nc3 0-0 8. Bg5 h6 9. Bd2 Be6 10. e4 Qd7 11. Nd5 Kh7 12. Be3 f5 13. Nd2 Nd4 14. Bxd4 exd4 15. f4 Rae8 16. Qc2 c5 17. Rab1 fxe4 18. Bxe4 Nf5 19. Bxf5 Rxf5 20. Rf2 Bxd5 21. cxd5 Rxd5 22. Ne4 Rh5 23. Rbf1 b6 24. b3 d5 25. Nd2 Re3 26. Nf3 Qh3 27. Rg2 Qe6 28. Rgf2 Rf5 29. Nh4 Rf7 30. f5 gxf5 31. Nxf5 Re1 32. g4 Rxf1+ 33. Kxf1 Bf6 34. h4 Bd8 35. Qd2 Qg6 36. Qf4 Bxh4 37. Re2 Bg5 38. Qf3 Be3 39. Qxd5 Qf6 40. Rh2 Re7 41. Kg2 Qe6 42. Qxe6 Rxe6 43. Kf3 Bg5 44. Re2 Rxe2 45. Kxe2 Kg6 46. Nd6 Bd8 47. a4 Bc7 48. Nb5 Bb8 49. Kf3 Kf6 50. Ke4 Kg5 51. Kf3 Kf6 52. Ke4 Ke6 53. Na3 Kd6 54. Nc4+ Kc6 55. Kf5 a6 56. Kg6 Bf4 57. Kf5 Bc7 58. Ne5+ Bxe5 59. Kxe5 b5 60. a5 c4 61. bxc4 bxc4 62. Kxd4 cxd3 63. Kxd3 Kb5 64. Ke4 Kxa5 65. Kf5 Kb5 66. Kg6 a5 67. Kxh6 a4 68. g5 a3 69. g6 a2 70. g7 a1Q 71. g8Q 1/2-1/2

[Event "ITA-ch Seniors 35th"]
[Site "Arco"]
[Date "2013.04.12"]
[Round "1"]
[White "Galas, Franco"]
[Black "Gardi, Giuseppe"]
[Result "0-1"]
[WhiteElo "1736"]
[BlackElo "1999"]
[PlyCount "112"]
[EventDate "2013.04.12"]
[EventType "swiss"]
[EventRounds "9"]
[EventCountry "ITA"]
[SourceTitle "CBM 154 Extra"]
[Source "ChessBase"]
[SourceDate "2013.06.25"]
[SourceVersion "2"]
[SourceVersionDate "2013.06.25"]
[SourceQuality "1"]

1. e4 d6 2. Nc3 Nf6 3. Bc4 g6 4. h3 Bg7 5. d3 0-0 6. a3 e5 7. Bg5 h6 8. Bd2 c6 9. Nf3 b5 10. Ba2 a5 11. Ne2 Nbd7 12. Nh2 d5 13. exd5 cxd5 14. Ng4 Kh7 15. Qc1 Ng8 16. Bxd5 Rb8 17. Ba2 Bb7 18. f3 Qh4+ 19. Nf2 Qd8 20. Ng3 Qc7 21. h4 Rbc8 22. c3 h5 23. Nge4 Ndf6 24. g4 Bxe4 25. Nxe4 Nxe4 26. fxe4 Nf6 27. gxh5 Nxh5 28. Qc2 Qd7 29. 0-0-0 b4 30. axb4 axb4 31. c4 Ra8 32. b3 Qa7 33. Kb1 Qc5 34. Rde1 Ra3 35. Be3 Qc6 36. Rh2 Rfa8 37. Qd1 Qa6 38. Ree2 Kg8 39. Bc1 Ra5 40. Qe1 Qd6 41. Qd1 Rd8 42. Rd2 Bh6 43. Rdf2 Bxc1 44. Kxc1 Qd4 45. Rd2 Rda8 46. Kb1 R5a7 47. Qc1 Qc5 48. Qd1 Rd8 49. Rhg2 Kh7 50. Rg5 Rd6 51. Rdg2 Nf4 52. Rd2 Rad7 53. h5 Rxd3 54. hxg6+ fxg6 55. Qh1+ Kg7 56. Rh2 Rd1+ 0-1

[Event "ITA-ch Seniors 34th"]
[Site "Arvier"]
[Date "2012.04.21"]
[Round "8"]
[White "Gardi, Giuseppe"]
[Black "Renzini, Lorenzo"]
[Result "1-0"]
[WhiteElo "2013"]
[BlackElo "1745"]
[PlyCount "83"]
[EventDate "2012.04.14"]
[EventType "swiss"]
[EventRounds "9"]
[EventCountry "ITA"]
[SourceTitle "CBM 148 Extra"]
[Source "ChessBase"]
[SourceDate "2012.06.22"]
[SourceVersion "1"]
[SourceVersionDate "2012.06.22"]
[SourceQuality "1"]

1. d4 Nf6 2. c4 g6 3. Nc3 Bg7 4. e4 d6 5. f3 0-0 6. Be3 e5 7. d5 Nbd7 8. Qd2 b6 9. Nh3 a5 10. Nf2 Nc5 11. Be2 Kh8 12. g4 Ng8 13. h4 f6 14. 0-0-0 Rf7 15. Rh2 Bd7 16. Nh1 Qf8 17. Ng3 Bh6 18. g5 Bg7 19. h5 gxh5 20. Rxh5 fxg5 21. Rdh1 Bf6 22. Bxg5 Bxg5 23. Qxg5 Qe7 24. Qxe7 Rxe7 25. Nf5 Rf7 26. Nh6 Nxh6 27. Rxh6 Rg8 28. Kd2 Rgg7 29. Nd1 Bc8 30. Ne3 Nd7 31. b3 Nf8 32. a3 Ng6 33. b4 axb4 34. axb4 Nf4 35. Bd1 Rg8 36. Bb3 Bb7 37. c5 bxc5 38. bxc5 Rd8 39. Ng4 dxc5 40. Nf6 Rg7 41. R1h2 Rg2+ 42. Rxg2 1-0

[Event "Condino op 11th"]
[Site "Condino"]
[Date "2011.07.26"]
[Round "4"]
[White "Gardi, Giuseppe"]
[Black "Raselli, Claudio"]
[Result "1/2-1/2"]
[WhiteElo "2026"]
[BlackElo "1930"]
[PlyCount "142"]
[EventDate "2011.07.25"]
[EventType "swiss"]
[EventRounds "7"]
[EventCountry "ITA"]
[SourceTitle "EXT 2012"]
[Source "ChessBase"]
[SourceDate "2011.11.24"]
[SourceVersion "1"]
[SourceVersionDate "2011.11.24"]
[SourceQuality "1"]

1. d4 d5 2. c4 e6 3. cxd5 exd5 4. Nc3 c6 5. Nf3 Nf6 6. Bg5 Be7 7. Qc2 g6 8. e3 Bf5 9. Bd3 Bxd3 10. Qxd3 Nbd7 11. 0-0 0-0 12. a3 a5 13. Na4 Ne4 14. Bxe7 Qxe7 15. Nd2 Nxd2 16. Qxd2 Rfe8 17. b4 axb4 18. axb4 b5 19. Nb2 Nb6 20. Nd3 Nc4 21. Qc3 Rec8 22. h3 Qe8 23. Nc5 Rxa1 24. Rxa1 Ra8 25. Kh2 Qb8+ 26. g3 Ra7 27. e4 Qa8 28. Rxa7 Qxa7 29. exd5 cxd5 30. Qf3 Qa2 31. Qf6 Qe2 32. Nd7 Qe8 33. Qc6 Kg7 34. Qxd5 Qe2 35. Qg2 Nd2 36. g4 Nf3+ 37. Kg3 Nxd4 38. Qd5 Ne6 39. Nc5 Qe1 40. Nxe6+ Qxe6 41. Qxb5 Qe1 42. Kg2 Qe4+ 43. f3 Qc2+ 44. Kg3 Qc7+ 45. Kg2 Qc2+ 46. Kg1 Qd1+ 47. Kf2 Qd2+ 48. Kg3 Qe1+ 49. Kf4 Qd2+ 50. Ke4 Qe1+ 51. Kd4 Qf2+ 52. Kc4 Qc2+ 53. Kd5 Qd1+ 54. Kc6 Qxf3+ 55. Qd5 Qf6+ 56. Qd6 Qf3+ 57. Kc7 Qc3+ 58. Kd7 Qxh3 59. Qd4+ Kg8 60. Kc6 Qg2+ 61. Kb6 Qa8 62. Qd6 h5 63. gxh5 gxh5 64. Qg3+ Kf8 65. Qe5 Qd8+ 66. Kc5 Qe7+ 67. Qd6 Qxd6+ 68. Kxd6 h4 69. b5 h3 70. b6 h2 71. b7 h1Q 1/2-1/2